LEADER 00830nam0-22002891i-450- 001 990000072950403321 005 20080521110233.0 035 $a000007295 035 $aFED01000007295 035 $a(Aleph)000007295FED01 035 $a000007295 100 $a20020821d--------km-y0itay50------ba 101 0 $aita 105 $ay-------001yy 200 1 $aVerdampfen Kondensieren und Kuhlen$eErklarungen, Formeln und Tabellen fr den praktischen Gebrauch$fE. Hausbrand. 205 $a6. vermehrte Auf. 210 $aBerlin$cJ. Springer$d1918 215 $aXIX, 540 p.$cill.$d23 cm 610 0 $aCambiamenti di stato 676 $a536.401 700 1$aHausbrand,$bEugen 801 0$aIT$bUNINA$gRICA$2UNIMARC 901 $aBK 912 $a990000072950403321 952 $a23 18 B 36$b4365$fFINAG 959 $aFINAG 997 $aUNINA LEADER 01227nam a2200289 i 4500 001 991003529539707536 008 180423s19840000it b 001 0 ita d 035 $ab14347805-39ule_inst 040 $aBibl. Dip.le Aggr. Matematica e Fisica - Sez. Matematica$beng 041 1 $aita$heng 082 0 $a511.3 100 1 $aHofstadter, Douglas R.$047775 245 10$aGödel, Escher, Bach :$bun'eterna ghirlanda brillante : una fuga metaforica su menti e macchine nello spirito di Lewis Carrol /$cDouglas R. Hofstadter 260 $aMilano :$bAdelphi,$c1984 300 $axxvii, 852 p. :$bill. ;$c24 cm 490 0 $aBiblioteca scientifica ;$v6 500 $aOrig. tit.: Gödel, Escher, Bach: an eternal golden braid 504 $aIncludes bibliographical references (p. 808-821) and index 650 4$aMathematical logic 650 4$aSymmetry 650 4$aArtificial intelligence 907 $a.b14347805$b26-07-18$c26-07-18 912 $a991003529539707536 945 $aLE006 Fondo Soliani 038$cEx libris Giulio Soliani$g1$i2006000101134$lle006$og$pE30.99$q-$rn$s- $t1$u0$v0$w0$x0$y.i15856781$z26-07-18 996 $aGodel. Escher, Bach$912862 997 $aUNISALENTO 998 $ale006$b23-04-18$cm$da $e-$fita$git $h0$i0